00619nam a22002057a 4500003000500000005001700005008004100022010001000063011001000073035001000083040000900093082001500102100002700117245012000144260006900264300001100333490002400344650002100368830002400389CHAP20220329135540.0971013s1974 r 00010 d a38321 a39293 a43413 cCHAP a631.7bP4300aPedrero Nieto, Rafael. aRiego por goteob: condiciones de ventaja económica y perspectivas como tecnología eficiente en el uso del agua a(s.l.) :bComisión Coordinadora del Sector Agropecuario,c1974 a104 p. aNota técnicav; 314aRiego por goteo.0 aNota técnicav; 3